Sous-Préfectures de France - Statistiques

Statistiques générales
  • Ce quiz a été pris 58 fois
  • Le résultat moyen est 87 sur 236
Statistiques - réponses
Hint Réponse % Correct
Bouches-du-Rhône Aix-en-Provence
68%
Hautes-Alpes Briançon
68%
Ardennes Sedan
63%
Allier Vichy
63%
Allier Montluçon
61%
Aisne Saint-Quentin
61%
Alpes-Maritimes Grasse
59%
Aveyron Millau
59%
Finistère Brest
56%
Calvados Lisieux
56%
Morbihan Lorient
56%
Bouches-du-Rhône Arles
54%
Calvados Bayeux
54%
Hérault Béziers
54%
Charente Cognac
54%
Ain Gex
54%
Aude Narbonne
54%
Charente-Maritime Rochefort
54%
Ille-et-Vilaine Saint-Malo
54%
Alpes-de-Haute-Provence Barcelonnette
51%
Ain Belley
51%
Corrèze Brive-la-Gaillarde
51%
Alpes-de-Haute-Provence Forcalquier
51%
Côtes-d'Armor Lannion
51%
Ain Nantua
51%
Charente-Maritime Saintes
51%
Aisne Soissons
51%
Tarn Castres
49%
Aisne Château-Thierry
49%
Drôme Die
49%
Ardèche Largentière
49%
Seine-Maritime Le Havre
49%
Cantal Saint-Flour
49%
Loire-Atlantique Saint-Nazaire
49%
Aveyron Villefranche-de-Rouergue
49%
Gard Alès
46%
Pyrénées-Atlantiques Bayonne
46%
Alpes-de-Haute-Provence Castellane
46%
Maine-et-Loire Cholet
46%
Nord Dunkerque
46%
Côtes-d'Armor Guingamp
46%
Bouches-du-Rhône Istres
46%
Mayenne Mayenne
46%
Doubs Montbéliard
46%
Haut-Rhin Mulhouse
46%
Ariège Pamiers
46%
Ardennes Rethel
46%
Isère Vienne
46%
Cher Vierzon
46%
Hauts-de-Seine Antony
44%
Gironde Arcachon
44%
Côte-d'Or Beaune
44%
Dordogne Bergerac
44%
Oise Compiègne
44%
Gers Condom
44%
Var Draguignan
44%
Vendée Les Sables-d'Olonne
44%
Seine-et-Marne Meaux
44%
Finistère Morlaix
44%
Haute-Garonne Saint-Gaudens
44%
Meuse Verdun
44%
Ardennes Vouziers
44%
Pas-de-Calais Calais
41%
Haute-Corse Calvi
41%
Nord Cambrai
41%
Vaucluse Carpentras
41%
Landes Dax
41%
Ille-et-Vilaine Fougères
41%
Indre Issoudun
41%
Charente-Maritime Jonzac
41%
Sarthe La Flèche
41%
Pas-de-Calais Lens
41%
Gironde Libourne
41%
Cantal Mauriac
41%
Ille-et-Vilaine Redon
41%
Marne Reims
41%
La Réunion | Martinique Saint-Pierre
41%
Corrèze Ussel
41%
Nord Valenciennes
41%
Aisne Vervins
41%
Manche Avranches
39%
Aube Bar-sur-Aube
39%
Charente Confolens
39%
Seine-Maritime Dieppe
39%
Jura Dole
39%
Nord Douai
39%
Lot Gourdon
39%
Loire Roanne
39%
Jura Saint-Claude
39%
Seine-Saint-Denis Saint-Denis
39%
Ariège Saint-Girons
39%
Ardèche Tournon-sur-Rhône
39%
Loir-et-Cher Vendôme
39%
Rhône Villefranche-sur-Saône
39%
Creuse Aubusson
37%
Eure Bernay
37%
Hauts-de-Seine Boulogne-Billancourt
37%
Pas-de-Calais Boulogne-sur-Mer
37%
Haute-Corse Corte
37%
Côtes-d'Armor Dinan
37%
Eure-et-Loir Dreux
37%
Essonne Étampes
37%
Seine-et-Marne Fontainebleau
37%
Puy-de-Dôme Issoire
37%
Indre La Châtre
37%
Gironde Langon
37%
Isère La Tour-du-Pin
37%
Indre Le Blanc
37%
Aude Limoux
37%
Yvelines Mantes-la-Jolie
37%
Lot-et-Garonne Marmande
37%
Gers Mirande
37%
Loiret Montargis
37%
Drôme Nyons
37%
Pyrénées-Atlantiques Oloron-Sainte-Marie
37%
Doubs Pontarlier
37%
Seine-et-Marne Provins
37%
Yvelines Rambouillet
37%
Pas-de-Calais Saint-Omer
37%
Val-d'Oise Sarcelles
37%
Maine-et-Loire Saumur
37%
Oise Senlis
37%
Somme Abbeville
34%
Savoie Albertville
34%
Orne Argentan
34%
Val-d'Oise Argenteuil
34%
Yonne Avallon
34%
Haute-Vienne Bellac
34%
Pas-de-Calais Béthune
34%
Pyrénées-Orientales Céret
34%
Loire-Atlantique Châteaubriant
34%
Vienne Châtellerault
34%
Manche Cherbourg-en-Cotentin
34%
Manche Coutances
34%
Seine-Saint-Denis Le Raincy
34%
Indre-et-Loire Loches
34%
Sarthe Mamers
34%
Aube Nogent-sur-Seine
34%
Deux-Sèvres Parthenay
34%
Loiret Pithiviers
34%
Morbihan Pontivy
34%
Pyrénées-Orientales Prades
34%
Haute-Marne Saint-Dizier
34%
La Réunion Saint-Paul
34%
Moselle Sarreguemines
34%
Corse-du-Sud Sartène
34%
Haute-Savoie Thonon-les-Bains
34%
Seine-et-Marne Torcy
34%
Haute-Loire Yssingeaux
34%
Puy-de-Dôme Ambert
32%
Deux-Sèvres Bressuire
32%
Var Brignoles
32%
Haute-Loire Brioude
32%
Finistère Châteaulin
32%
Indre-et-Loire Chinon
32%
Lot Figeac
32%
Haute-Marne Langres
32%
Eure Les Andelys
32%
Meurthe-et-Moselle Lunéville
32%
Côte-d'Or Montbard
32%
Loire Montbrison
32%
Haute-Garonne Muret
32%
Val-de-Marne Nogent-sur-Marne
32%
Dordogne Nontron
32%
Essonne Palaiseau
32%
Loir-et-Cher Romorantin-Lanthenay
32%
Charente-Maritime Saint-Jean-d'Angély
32%
Moselle Sarrebourg
32%
Haut-Rhin Thann
32%
Moselle Thionville
32%
Vaucluse Apt
29%
Nord Avesnes-sur-Helpe
29%
Tarn-et-Garonne Castelsarrasin
29%
Eure-et-Loir Châteaudun
29%
Marne Épernay
29%
Vendée Fontenay-le-Comte
29%
Moselle Forbach
29%
Bas-Rhin Haguenau
29%
Val-de-Marne L'Haÿ-les-Roses
29%
Hérault Lodève
29%
Haute-Saône Lure
29%
Somme Montdidier
29%
Vienne Montmorillon
29%
Lot-et-Garonne Nérac
29%
Eure-et-Loir Nogent-le-Rotrou
29%
Somme Péronne
29%
Puy-de-Dôme Riom
29%
Haute-Vienne Rochechouart
29%
La Réunion Saint-Benoît
29%
Yvelines Saint-Germain-en-Laye
29%
Haute-Savoie Saint-Julien-en-Genevois
29%
Dordogne Sarlat-la-Canéda
29%
Bas-Rhin Sélestat
29%
Yonne Sens
29%
Lot-et-Garonne Villeneuve-sur-Lot
29%
Hautes-Pyrénées Bagnères-de-Bigorre
27%
Gironde Blaye
27%
Saône-et-Loire Chalon-sur-Saône
27%
Saône-et-Loire Charolles
27%
Nièvre Château-Chinon
27%
Oise Clermont
27%
Nièvre Cosne-Cours-sur-Loire
27%
Bas-Rhin Molsheim
27%
Cher Saint-Amand-Montrond
27%
Savoie Saint-Jean-de-Maurienne
27%
Puy-de-Dôme Thiers
27%
Marne Vitry-le-François
27%
Hautes-Pyrénées Argelès-Gazost
24%
Saône-et-Loire Autun
24%
Haute-Savoie Bonneville
24%
Gironde Lesparre-Médoc
24%
Saône-et-Loire Louhans
24%
Vosges Neufchâteau
24%
Guyane Saint-Laurent-du-Maroni
24%
Bas-Rhin Saverne
24%
Haut-Rhin Altkirch
22%
Nièvre Clamecy
22%
Meuse Commercy
22%
Orne Mortagne-au-Perche
22%
Vosges Saint-Dié-des-Vosges
22%
Guyane Saint-Georges
22%
Meurthe-et-Moselle Toul
22%
Martinique La Trinité
20%
Martinique Le Marin
20%
Guadeloupe Pointe-à-Pitre
20%
Calvados Vire Normandie
17%
Mayenne Château-Gontier-sur-Mayenne
15%
Pas-de-Calais Montreuil-sur-Mer
15%
Meurthe-et-Moselle Val de Briey
15%
Lozère Florac Trois Rivières
12%
Maine-et-Loire Segré-en-Anjou Bleu
12%
Mayotte | Paris | Territoire de Belfort sans
2%
Aucun quiz correspondant
Distribution des résultats
% des personnes avec chaque résultat
Percentile par nombre de réponses
Votre historique - résultats
Vous n’avez pas pris ce quiz